00275nam a2200121Ia 4500008004100000041000900041082001800050100001700068245001600085260003600101300000800137650000800145230718s9999 xx 000 0 und d aEng. a346.05bBAI-C aBaig, Luqman 0aCompany Law aPakistanbGhazaifes keaiyc1985 a410 aLaw